Roberto De Zerbi's Marseille - Statistics

General Stats
  • This quiz has been taken 25 times
  • The average score is 33 of 49
Answer Stats
Rank Player Position Nationality Matches Goals Assists % Correct
3 Gerónimo Rulli Goalkeeper 60 0 0
100%
1 Mason Greenwood Right Winger 68 44 15
100%
7 Geoffrey Kondogbia Defensive Midfield 38 0 0
95%
5 Leonardo Balerdi Centre-Back 54 1 1
95%
15 Pierre-Emerick Aubameyang Centre-Forward 28 10 10
95%
9 Adrien Rabiot Central Midfield 32 10 6
91%
10 Amine Gouiri Centre-Forward 31 17 6
91%
4 Amir Murillo Right-Back 57 3 7
91%
12 Timothy Weah Right Winger 29 3 4
91%
28 Facundo Medina Centre-Back 15 0 0
86%
14 Igor Paixão Left Winger 29 9 4
86%
2 Pierre-Emile Højbjerg Defensive Midfield 62 6 7
86%
6 Bilal Nadir Central Midfield 39 2 5
82%
41 Ethan Nwaneri Attacking Midfield 4 1 0
82%
26 Nayef Aguerd Centre-Back 18 1 0
82%
27 Arthur Vermeeren Defensive Midfield 17 0 2
77%
19 Benjamin Pavard Centre-Back 26 1 3
77%
20 Emerson Left-Back 25 0 3
77%
38 Ismaël Koné Central Midfield 9 0 0
77%
8 Luis Henrique Right Midfield 35 9 10
77%
23 Pol Lirola Right-Back 22 1 2
77%
16 Ulisses Garcia Left-Back 28 2 3
77%
31 Amine Harit Left Winger 13 2 5
73%
30 CJ Egan-Riley Centre-Back 14 1 0
73%
21 Derek Cornelius Centre-Back 25 0 0
68%
37 Jeffrey de Lange Goalkeeper 9 0 0
68%
11 Jonathan Rowe Left Winger 31 3 4
68%
40 Quinten Timber Central Midfield 4 0 0
68%
24 Robinio Vaz Centre-Forward 22 4 3
68%
17 Valentin Rongier Central Midfield 27 3 1
68%
22 Matt O'Riley Central Midfield 25 1 6
64%
34 Darryl Bakola Attacking Midfield 12 0 1
59%
35 Hamed Traoré Left Winger 10 2 2
59%
33 Ismaël Bennacer Defensive Midfield 12 0 2
59%
25 Angel Gomes Attacking Midfield 20 4 1
55%
36 Amar Dedić Right-Back 10 0 1
50%
47 Himad Abdelli Attacking Midfield 1 0 0
45%
18 Neal Maupay Centre-Forward 27 5 4
45%
39 Tadjidine Mmadi Left Winger 5 1 1
45%
29 Elye Wahi Centre-Forward 14 3 1
41%
42 Luiz Felipe Centre-Back 4 0 0
41%
43 Valentín Carboni Attacking Midfield 4 0 0
36%
44 Bamo Meïté Centre-Back 3 0 0
32%
45 Enzo Sternal Attacking Midfield 2 0 0
32%
49 Faris Moumbagna Centre-Forward 1 0 0
32%
32 Lilian Brassier Centre-Back 12 0 0
32%
13 Quentin Merlin Left Midfield 29 1 3
32%
48 Alexi Koum Left-Back 1 0 0
23%
46 Keyliane Abdallah Right Winger 1 0 0
23%
No matching quizzes found
Score Distribution
Percent of People with Each Score
Percentile by Number Answered
Your Score History
You have not taken this quiz